[Event "Gibraltar Masters"]
[Site "Gibraltar"]
[Date "2006.01.27"]
[Round "4"]
[White "Efimenko, Zahar"]
[Black "Arizmendi Martinez, Julen Luis"]
[Result "0-1"]
[WhiteElo "2666"]
[BlackElo "2534"]
[Annotator "Arizmendi,J"]
[PlyCount "42"]
[EventDate "2006.01.24"]
[EventType "swiss"]
[EventRounds "10"]
[EventCountry "ENG"]
[SourceTitle "CBM 110 Extra"]
[Source "ChessBase"]
[SourceDate "2006.03.10"]
[SourceVersion "2"]
[SourceVersionDate "2006.03.10"]
[SourceQuality "1"]

1. c4 {First surprise. During my preparation I realized that Efimenko,
although mostly an 1.e4 player, sometimes preferred 1.d4 when meeting
opponents who had the King's Indian as their main weapon. But then, in the
second round I had played the Slav against Akopian, so my adversary probably
thought that starting with 1.c4 would force me to play the KID.} e5 {Therefore,
I decided not to fall in with his plans. The truth is that I had already
played this way when facing GM Marc Narciso last November at the Spanish
championship, but that game failed to appear on the database until much later,
so I guess I also managed to surprise my opponent.} 2. Nc3 Nf6 3. Nf3 Nc6 4. d4
{And my opening book came to an end. I spent some 40 minutes meditating in
this position, analyzing the consequences of an idea that seemed very
interesting, despite being a little strange. At the end, I just couldn't
resist myself.} e4 ({Theory recommends} 4... exd4 5. Nxd4 Bb4 {and black
equalizes without any particular problems.}) 5. Ng5 {Diagrama [#] I later
found out that best is Botvinnik´s move} (5. Nd2 Nxd4 {The most solid
according to the patriarch of the Soviet school, although white keeps a very
slight space advantage.} (5... Bb4 6. e3 (6. Ndb1 $5) 6... O-O 7. Be2 Re8 8.
O-O Bxc3 9. bxc3 d6 10. f3 exf3 11. Bxf3 Rxe3 12. Nb3 Re8 13. Bg5 Ne7 14. Qd2
c6 15. Rae1 Bf5 16. Bxf6 gxf6 17. h4 {, and white is better, Botvinnik-Ragozin,
Leningrad 1940}) 6. Ndxe4 Ne6 7. g3 Nxe4 8. Nxe4 Bb4+ 9. Bd2 Bxd2+ 10. Qxd2 O-O
11. Bg2 d6 12. O-O Bd7 13. Nc3 Bc6 14. Nd5 a5 15. e4 Nc5 16. Rfe1 Re8 17. Rad1
a4 18. Re3 Bd7 19. Nc3 Be6 20. Qd4 f6 21. Bf1 Qe7 22. Nd5 Qf7 23. Rde1 c6 24.
Nf4 Qc7 25. Nd3 b6 26. Nb4 Bf7 27. Qc3 Rad8 28. Nc2 Re7 29. Nd4 Bg6 30. f3 Rde8
31. b4 axb3 32. axb3 Ne6 33. Nf5 Bxf5 34. exf5 Ng5 35. Bg2 Rxe3 36. Rxe3 Rxe3
37. Qxe3 Kf8 38. f4 Nf7 39. b4 {A famous position} d5 $1 40. cxd5 c5 $1 41.
bxc5 bxc5 42. Qa3 Nd6 43. Bf1 Kf7 44. Bd3 c4 45. Bc2 c3 46. Qb4 Nc4 47. Qxc3
Qc5+ 48. Kh1 Qxd5+ {1/2-1/2 Botvinnik-Flohr, Moscú/Leningrado 1933.}) 5... h6
$1 {And this is the idea. I felt very happy with my discovery over the board
but, as usually happens, this had already been played, although very little. K.
Opecensky was the first to put it into use, more than 70 years ago; he managed
to obtain a big advantage, but ended up losing the game, which definitely
didn't help the line become more popular.} 6. d5 $6 {My rival took his time to
make this move.} ({It is better to admit that black has equalized and simplify
the position with} 6. Ngxe4 Nxe4 7. Nxe4 Qh4 $1 {The key to black´s idea.} 8.
Nc3 (8. Qd3 {Is too dangerous:} d5 9. cxd5 Nb4 10. Qb1 (10. Qb5+ $2 Bd7 11.
Qxb7 Rd8 {And white has grave problems.}) 10... Bf5 11. Nd6+ Bxd6 12. Qxf5 Qxd4
{, with good play for black.}) 8... Qxd4 $11) 6... hxg5 7. dxc6 g4 $6 {I
played this immediately, dreaming with a possible ...g3 in the future. However,
} (7... Bc5 $1 {is much stronger:} 8. cxb7 Bxb7 9. e3 (9. Bxg5 $2 {loses to}
Bxf2+ 10. Kxf2 Ng4+) 9... Qe7 {and Black's position is enviable,
Kostic-Opocensky, OL Praga 1931.}) 8. cxb7 Bxb7 9. Bf4 {Diagrama [#] At this
point I began to think hard again. White wants to play 10.e3 and finish his
development, after which he could start working on my dubious pawn structure.
One thing was clear to me: I had to get rid of the f4-bishop. In that case,
black´s development advantage would suddenly become dangerous. I saw the idea
pretty quickly, but it really isn't that easy to convince your hand to
sacrifice two pawns in a real game, even if the position seems to be begging
for it.} e3 $1 {I cannot really prove that this is the best move in the
position, but from a practical point of view I haven't the slightest doubt. I
know from experience that major changes in the rhythm of the game can be quite
disturbing - white was expecting a slow game and suddenly he has to go on the
defensive. Besides, black´s compensation is long-term, and therefore the
tension to be endured greater. The variations that follow seem to indicate
that black has reasonable compensation in all lines. At least I have not been
able to find a variation in which white manages to defend and keep his
material advantage.} 10. Bxe3 g3 $1 {Freeing the g4 square for the knight.} 11.
fxg3 Ng4 {Diagrama [#]} 12. Qd4 ({Retreating the bishop is very passive, but
deserves attention because it keeps some control over the dark squares. After} 
12. Bg1 {my idea was simply} Bd6 {Threatening 13...Bxg3+} ({Also interesting
is the flexible} 12... Qg5 {keeping the possibility to develop the bishop to
d6 or c5, depending on the circumstances. The problem is} 13. h4 $1 {, forcing
the queen to make up her mind.} (13. Qb3 $2 O-O-O 14. Nd5 c6 15. h4 Qe5 16. Nf4
Qa5+ 17. Kd1 Bc5 {, and position is very uncomfortable for white.}) 13... Qe5 (
{si} 13... Qh6 14. Qd4 f5 15. c5 {and the bishop can not get out.}) 14. Qd3 Bc5
15. O-O-O d6 (15... O-O-O 16. Bxc5 Qxc5 17. Qd4 Qxd4 18. Rxd4 Ne3 19. Nd1) 16.
Bd4 Bxd4 17. Qxd4 Ne3 18. Qxe5+ dxe5 19. Rd3 Nxc4 20. e4 {, with advantage to
white. For example,} Nd6 21. Be2 Nxe4 22. Nxe4 Bxe4 23. Re3 Bxg2 24. Rxe5+ Kf8
25. Rg1 Bc6 26. Bc4) 13. Qd3 {(Defending g3 directly and preparing 0-0-0)} (13.
Qb3 {(this just cannot be)} Bc6 (13... Bxg3+ $6 14. hxg3 Rxh1 15. Qxb7 c6 16.
Bc5 {Is better for white.}) 14. Nb5 Be5 15. Bd4 Bxd4 16. Nxd4 Qg5 $1 17. Rd1 (
17. Nxc6 dxc6 18. h4 Qc5 $44) 17... Nxh2 18. Nxc6 dxc6 {With great play in
return for the pawn.}) 13... Qg5 14. h4 $1 {Again this resource.} (14. Nb5 Bb4+
15. Kd1 Bc5 $44) (14. c5 {Fritzy in his element, always trying to annoy people.
} Be5 (14... Bxc5 $2 15. Qb5 $18) 15. h4 (15. e4 Nf6 $1 {, hitting g3.}) 15...
Qf6 $1 {(Best putting pressure on the diagonal and keeping an eye on the f2
square (Nf2). Exchanging the bishop is still a goal. 15...Qh6 is also possible.
} 16. O-O-O Bc6 17. Kc2 Rb8 18. b3 Rh5 $1 $44 (18... Nf2 19. Nd5 $1 Bxd5 20.
Bxf2 Bxb3+ 21. axb3 Qxf2 22. Qxd7+ Kf8 23. Qd5 {, with a complicated game
ahead, although white seems to have the better part of it.}) {Now} 19. Nd5 $2 {
Is not possible due to} Bxd5 20. Qxd5 Ba1 $1 21. Qxd7+ Kf8 22. Bd4 Ne3+ $1 23.
Kb1 Bxd4 24. Qxd4 Nxd1 25. Qxd1 Rd8 $19) 14... Qh6 {From a practical point of
view, a good move. But giving an objective evaluation is more difficult. I
suspect the compensation is quite reasonable.} (14... Ne5 $5 15. Qd4 Qxg3+ 16.
Bf2 Qg6 $1 $44 (16... Nc6 17. Bxg3 Bxg3+ 18. Qf2 Bxf2+ 19. Kxf2 Ne5 20. e4 $14
{Leads to a better and for white.})) 15. e4 Bb4 $44) 12... Nxe3 13. Qxe3+ Be7
14. Qd3 $5 {Efimenko for now prefers not to declare where his king will castle.
} ({Some publications give} 14. O-O-O {as the critical move and conclude that
white should be able to defend. I disagree.} O-O {During the game I thought
that 14...Kf8 was simpler, threatening 15...Bg5 or to place the bishop on the
long diagonal, while leaving the rook where it is in order to put pressure on
the h-file. But during my home analysis I came to the conclusion that it was
better to castle, for the rook does more damage on the e-file. In my opinion,
black has sufficient compensation for the pawns, and has the easier game as
well. All he has to do is accumulate pieces against the white king: B and Q on
the h8-a1 diagonal, Rs on b8 and e8. Yes, what is two pawns up, but what to do
with them? the g3-pawn plays no active part in the middle game, while the
e-pawn will be easily blockaded on e5. Exchanging knights will not do either,
since then stopping the attack on the dark squares would be almost impossible.
Let's see:} ({Another possibility is} 14... Rb8 $6 {, but seems too risky.
After} 15. Qxa7 (15. Nd5 Bxd5 16. cxd5 O-O $44) 15... O-O 16. Qd4 d6 17. e3 Re8
{It is difficult to determine whether the compensation is sufficient. It is
curious that the materialistic Frtiz "only" gives white an advantage of one
point, despite being three pawns up.}) 15. Kb1 Bf6 16. Nd5 Bxd5 17. Rxd5 Re8
18. Qd2 Rb8 19. b3 Qe7 20. Kc2 c6 21. Rxd7 Qe5 {And white is lost. This, of
course, is not forced, but it does show black´s possibilities.}) 14... Rb8 $1 {
It is clear that b8 is the best square for the rook, so for the moment I keep
open final destination for the e7-bishop, which can still choose between the
diagonals a7-g1 and h8-a1.} 15. e4 (15. e3 Bd6 16. O-O-O Be5 $5 $13 (16... Bxg3
17. Qd4 d6 18. Qxg7 Be5 19. Qg4 Qf6 20. Rd3 Ke7 {is another idea.})) 15... Bc6
{Diagrama [#]} 16. Be2 ({Once more,} 16. O-O-O {Is the main alternative,
although the compensation is much clearer now after} Bf6 17. Kb1 Qe7 $44 {
, with strong dark-square pressure (...Qe5, ...Qb4). Efimenko decides to give
back one of the pawns in order to take his king out of the danger zone, but it
is evident that black is okay thanks to his bishop pair (especially the one
that runs on the dark squares) and better pawn structure. Nonetheless, I don't
think Efimenko´s choice is as bad as many have tried to make believe; the
problem is that now black can attack without having to worry about his
material disadvantage.}) 16... Rxb2 17. O-O $6 ({I thought my adversary was
planning} 17. Qd4 d6 18. Nd5 (18. Bf3 $1 {I did not see this during the game,
but it is not a problem} Rb6 (18... Bf6 $2 19. e5 Bxf3 20. exf6 Bxg2 21. fxg7
Rg8 22. O-O-O $18) (18... Kf8 $5 19. Nd5 Bxd5 20. Qxb2 Bf6 21. Qa3 Bxa1 22.
cxd5 Qf6 $44) 19. Nd5 Bxd5 20. cxd5 Bf6 21. Qa4+ Qd7) 18... Bf6 19. Nxf6+ (19.
Qxa7 Bxd5 20. cxd5 Be5 $17) 19... Qxf6 20. Qxf6 gxf6 21. Bf3 f5 $15) 17... Bc5+
18. Kh1 Qg5 19. Rf4 $2 {This is an important error.} ({At first I thought that
the best move was} 19. Rf5 {, but white still has to sweat a bit after} Qe3 20.
Qxe3 Bxe3 21. Bg4 Bd4 (21... Rc2 22. Nd5 Bb6 23. Raf1) 22. Nd5 (22. Nb5 Bxe4
23. Nxd4 (23. Re1 Kd8 24. Nxd4 Rxg2 $19) 23... Rxg2 24. Re5+ Kd8 25. h3 Rxa2+
26. Rxe4 Rxa1+ $15) 22... g6 23. Rff1 Bxd5 24. exd5 (24. cxd5 Ke7 $15) 24... f5
25. Bf3 Ke7 $15) ({Maybe best is} 19. h3 $5 Rd2 20. Qf3 O-O 21. Nd5 Qe5 {
, with a complicated game ahead, although I prefer black's chances.}) 19... Bd6
$1 {Diagrama [#]} (19... Rd2 {is nice but nothing more} 20. Qf3) 20. Rg4 $4 {
With this move my opponent offered a draw, but it allows a quick finish.} ({
Another move that does not work is} 20. Rf3 $2 Rd2 21. Qe3 $2 Rxh2+ 22. Kxh2
Qh5+ 23. Kg1 Bc5 24. Rf2 Bxe3 25. Bxh5 Bxf2+ $19) (20. Raf1 {Is the only way
to keep fighting:} Bxf4 {And black is clearly better.}) 20... Rxh2+ $1 21. Kg1
(21. Kxh2 Qh5+ 22. Rh4 Qxh4+ 23. Kg1 Bc5+ 24. Kf1 Qh1#) 21... Qc5+ $1 {Forcing
white to capture the rook, which takes us to the mate above.} 0-1

[Event "St Petersburg"]
[Site "St Petersburg"]
[Date "1997.04.21"]
[Round "5"]
[White "Kortschnoj, Viktor Lvovich"]
[Black "Aseev, Konstantin N"]
[Result "1/2-1/2"]
[WhiteElo "2635"]
[BlackElo "2530"]
[Annotator "Aseev,K"]
[PlyCount "84"]
[EventDate "1997.??.??"]
[EventType "tourn"]
[EventRounds "11"]
[EventCountry "RUS"]
[EventCategory "14"]
[SourceTitle "CBM 059"]
[Source "ChessBase"]
[SourceDate "1997.08.01"]
[SourceVersion "1"]
[SourceVersionDate "1997.08.01"]
[SourceQuality "1"]

1. c4 Nf6 2. Nc3 e5 3. Nf3 Nc6 4. a3 d5 (4... g6) 5. cxd5 Nxd5 6. Qc2 Be6 7. e3
Bd6 $146 (7... f6 8. d4 Nxc3 9. bxc3 Bd6 10. Bd3 Qd7 11. Bxh7 {Franco,
Z-Delaney,J/Novi Sad olm 1990/TD 90\06/1-0 (43)}) (7... Nxc3 8. bxc3 Bd6 9. Bd3
g6 10. h4 f5 11. e4 Qf6 12. Rb1 O-O-O 13. Qa4 Bc5 14. Ba6 bxa6 15. Qxc6 fxe4
16. Qxa6+ Kd7 17. Qa4+ {1/2-1/2 Backelin,R-Hedman,E/SVE-ch Borlange 1995/EXP
49 (32)}) (7... a6 8. d3 Nxc3 9. Qxc3 Bd6 10. Be2 O-O 11. b4 a5 12. b5 Nb4 13.
Bb2 Nd5 14. Qc2 f6 15. d4 exd4 16. Nxd4 Bf7 17. O-O g6 18. Rfd1 Qe7 19. Bf3
Rad8 20. g3 Bc5 21. Rd3 Bxd4 22. Rxd4 {1-0 Donchenko,A-Sosnin,N/Moscow op2
1995/EXP 50 (28)}) 8. Ne4 f5 (8... h6 9. Bb5 O-O 10. Bxc6 bxc6 11. d4 $5 (11.
Qxc6 f5 $44) 11... Bf5 $5 (11... exd4 $6 12. Nxd4 $16) 12. dxe5 Re8 $13) 9.
Neg5 Bd7 10. Bc4 h6 11. Nf7 Kxf7 12. Bxd5+ Kf8 13. Bxc6 bxc6 14. d4 (14. d3 $13
) 14... e4 15. Ne5 Bxe5 16. dxe5 Qe7 17. Qc3 (17. Bd2 Qxe5 18. Bc3 $44) 17...
Re8 18. Qa5 Qxe5 19. Qxa7 Kf7 20. Qa4 Ra8 21. Qc2 Rhb8 22. a4 (22. O-O $2 c5
$15) 22... c5 23. Ra3 Rb4 24. b3 Be6 25. O-O (25. Bb2 Qd5 26. Qc3 Rg8 27. O-O
Rxb3 28. Rxb3 Qxb3 29. Qe5 Qxa4 (29... Qb6 $5) 30. Qxc7+ Qd7 31. Qxc5 $11)
25... c4 26. Bb2 cxb3 27. Qc1 Qd6 28. Qc3 Rg8 29. Raa1 (29. a5 $2 Rb5 {/\30...
Rb5-c5 -/+}) 29... Rc4 (29... c5 30. Rfd1 Qc7 31. a5 Rc4 32. Qxb3 Rb8 33. Qa3
Rc2 34. Rab1 (34. a6 Rbxb2 35. a7 Rxf2 36. Qxb2 Rxb2 37. a8=Q Rb7 $15 38. Rdb1
Rxb1+ 39. Rxb1 Qd6) 34... c4 $5 35. Bd4 Rb3 36. Qa1 c3 37. Rxb3 Bxb3 38. Qa3
Be6 $11) 30. Qxb3 Qb4 (30... Rc1 31. Qb5 Rxf1+ 32. Qxf1 (32. Rxf1 Qb6 $11)
32... Qb4 33. Qc1 c5 $11) 31. Qxb4 Rxb4 $138 32. Bc3 (32. Bd4 Ra8 33. Rfc1 Rc4
34. Rxc4 Bxc4 $11) 32... Rc4 33. Rfc1 Ra8 34. a5 c5 35. Kf1 (35. a6 Ra7 {
/\36....Be6-c8} 36. f4) (35. Rab1 Bc8 $5 {/\} 36. Rb6 Ra6 37. Rb8 Rc6 $11)
35... g5 36. Ke1 Ra6 37. Bd2 (37. Ra3 $142) 37... Rxc1+ 38. Rxc1 Rc6 39. Bb4
Bc8 40. Ba3 (40. Bxc5 Ke6 $11) 40... Ba6 41. Kd2 Bd3 42. Bxc5 Ke6 1/2-1/2

[Event "Pittsburgh op"]
[Site "Pittsburgh"]
[Date "2013.03.03"]
[Round "5"]
[White "Shabalov, Alexander"]
[Black "Atalik, Suat"]
[Result "1/2-1/2"]
[WhiteElo "2557"]
[BlackElo "2600"]
[Annotator "Atalik,S"]
[PlyCount "23"]
[EventDate "2013.03.01"]
[EventType "swiss"]
[EventRounds "5"]
[EventCountry "USA"]
[SourceTitle "EXT 2014"]
[Source "ChessBase"]
[SourceDate "2013.11.20"]
[SourceVersion "1"]
[SourceVersionDate "2013.11.20"]
[SourceQuality "1"]

1. c4 e5 2. Nc3 Nf6 3. Nf3 Nc6 4. e4 Bb4 5. d3 d6 6. Be2 (6. a3 Bxc3+ 7. bxc3
O-O $13) 6... h6 7. O-O Bc5 $5 8. a3 a5 9. Nd5 Nd4 (9... Bg4 $145 $5) 10. Be3
Nxf3+ 11. Bxf3 c6 12. Nc3 1/2-1/2